000 00824nam a2200241 a 4500
005 20241001063955.0
008 991125s1994 mx 000 0 spa u
020 _a9683631495
035 _aUPN01000012362
049 _aCG
050 4 _aF1219
_bT4.2 1994
100 1 _aAlvarado Tezozomoc, Fernando,
_dca. 1525
_929345
245 1 0 _aCrónica mexicana /
_cHernando Alvarado Tezozómoc ; pról. y selec. Mario Mariscal.
250 _a2a ed.
260 _aMéxico :
_bUNAM, Coordinación de Humanidades,
_c1994.
300 _axlv, 192 p. :
_bil.
440 0 _aBiblioteca del estudiante universitario ;
_v41
650 4 _aIndígenas de México
_xHistoria
_vFuentes
_921497
650 4 _aManuscritos mexicanos
_917917
651 4 _aMéxico
_xHistoria
_xCronología
_97932
700 1 _aMariscal, Mario,
_ecomp.
905 _aLibro
999 _c12362
_d12362